Biometrische Untersuchungen unter Anwendung der Koordinatenmesstechnik

Bibliographic Details
Main Authors: Rezaie, Kamran (Author), Osanna, Peter Herbert (Author)
Format: Article
Language:German
Subjects:

MARC

LEADER 00000nab a2200000 a 4500
001 vtls000597075
003 SK-MaSNL
005 20260319073502.0
008 120930c1994 xo 0 ger
015 |a SNBRA19rr/mm-uuuuu 
035 |a CL0597214 
040 |a SNKBUCL  |b slo  |c SNKBUCL  |e AACR2 
041 0 |a ger 
044 |a xo  |c SK 
080 |a 57.087:531.717:615.47:681.786  |2 1981 
080 |a 531.717  |2 1981 
080 |a 615.47  |2 1981 
080 |a 681.786  |2 1981 
100 1 |a Rezaie, Kamran  |4 aut  |9 998817 
245 1 0 |a Biometrische Untersuchungen unter Anwendung der Koordinatenmesstechnik  |c Kamran Rezaie, Peter Herbert Osanna 
300 |b Obr. 3 
650 0 7 |a biometrika  |2 snkbucl  |9 68160 
650 0 7 |a technika meracia súradnicová  |2 snkbucl  |9 998818 
655 7 |a články zo zborníkov  |2 snkbucl  |9 166140 
700 1 |a Osanna, Peter Herbert  |4 aut  |9 298661 
773 0 |t Meranie a meracia technika v strojárstve  |d Banská Bystrica : Dom techniky ZSVTS, 1994  |g S. 26-31  |z 8023001310 
850 |a Slovenská národná knižnica v Martine  |a MTA001 
852 |a SNK  |b KIS3GCP 
958 |a RK 
992 |a RZB 
999 |c 1614101  |d 1616031